000 02325nam0a22004091 4500
001 v19\rc\1868931
005 20260406150934.0
035 _a(NLR Aleph) 004960538
090 _a5979042
_c5979042
100 _a20080221d1910 u y0rusy50 ca
101 0 _arus
102 _aRU
105 _aac z |||||
200 1 _aИмператор Александр I и старец Феодор Кузьмич
_eПо воспоминаниям современников и документам
_eСо многими рис. и портр.
_fГ. Василич
_g[Предисл.: Г. Балицкий]
205 _a2-е изд.
210 _aМосква
_cОбразование
_d1910
215 _a157, [3] с., [8] л. ил., портр.
_d26
225 1 _aМосковское книгоиздательское товарищество "Образование"
_v№ 7
300 _aЗагл. обл.: Легенда о старце Кузьмиче и Александре I
300 _aНа 2-м тит. л. загл.: Легенда о старце Кузьмиче и Александре I. Русская быль
316 _aЭкз. РНБ (37.75.3.60): 2-й экз. деф.: отсутствуют 3 л. ил.
_5NLR: 37.75.3.60
512 0 _aЛегенда о старце Кузьмиче и Александре I
517 0 _aЛегенда о старце Кузьмиче и Александре I. Русская быль
532 1 1 _aИмператор Александр Первый и старец Феодор Кузьмич
700 1 _7ca
_8rus
_aБалицкий
_bГ. В.
_cисторик
_gГригорий Васильевич
_9267626
_3RU\NLR\AUTH\770267682
702 1 _4080
_7ca
_8rus
_aБалицкий
_bГ. В.
_cисторик
_gГригорий Васильевич
_9267626
_3RU\NLR\AUTH\770267682
702 0 _4570
_8rus
_7ca
_aАлександр
_cимператор российский
_dI
_f1777-1825
_3RU\NLR\AUTH\775342
_9115306
702 0 _4570
_8rus
_7ca
_aФедор Кузьмич
_cстарец
_f-1864
_3RU\NLR\AUTH\7711798
_9121538
801 0 _aRU
_bNLR
_gpsbo
801 0 _aRU
_bRuMoRGB
_2psbo
801 1 _aRU
_bProSoft-M
_2rusmarc
852 _aNLR
_j37.75.3.60
899 _aRuMoRGB
_jU 161/116 (7)
899 _aНБ СПбГУ
899 _aГПИБ
942 _cBOOK
980 _aNB